| 000 | 01274nam a2200301 i 4500 | ||
|---|---|---|---|
| 001 | bg | ||
| 100 | 1 | _aBRUSLE, Jacques | |
| 245 | 1 | 0 |
_aThe impact of harmful algal blooms on finfish = _bImpact des toxines algales sur les poissons : mortality, pathology and toxicology = mortalité, pathologie, toxicologie / _cJacques Bruslé. |
| 260 |
_aPlouzane : _bIfremer, _c1995. |
||
| 300 |
_a75 s. : _bil. ; _c30 cm. |
||
| 490 | 1 |
_aReperes Ocean, _x1240-1153 ; _vNo 10-1995 |
|
| 500 | _aTyt. równol.: "Impact des toxines algales sur les poissons". - Streszcz. franc. | ||
| 500 | _aPraca przedstawiona na konferencji "6e Confernce Internationale sur le Phytoplancton Marin, Nantes, 18-22 octobre 1993". | ||
| 504 | _aBibliogr. | ||
| 650 | 9 |
_aGlony _xwpływ na środowisko |
|
| 650 | 9 | _aRyby morskie | |
| 650 | 9 |
_aMorze _xekologia _xbadanie |
|
| 650 | 9 |
_aMorze _xfauna i flora _xbadanie |
|
| 830 |
_aReperes Ocean, _x1240-1153 ; |
||
| 020 | _a2905434643 | ||
| 040 | _cBPK | ||
| 041 | 1 |
_aeng _bfra _hfra |
|
| 080 | _a582.26:592.2/.5:574.5](26) | ||
| 920 | _a2-905434-64-3 | ||
| 942 | _cKS | ||
| 008 | s pl f |000 0 pol | ||
| 999 |
_c45046 _d45046 |
||
| 856 |
_uhttp://koha.tu.koszalin.pl/cgi-bin/koha/opac-detail.pl?biblionumber=45046 _yKatalog online BPK |
||